a3 de Amat-3 / (Record no. 22295)
[ view plain ]
| 000 -CABECERA | |
|---|---|
| campo de control de longitud fija | 00866nam a2200241 4500 |
| 003 - IDENTIFICADOR DEL NÚMERO DE CONTROL | |
| campo de control | OSt |
| 005 - FECHA Y HORA DE LA ÚLTIMA TRANSACCIÓN | |
| campo de control | 20260601193902.0 |
| 008 - DATOS DE LONGITUD FIJA--INFORMACIÓN GENERAL | |
| campo de control de longitud fija | 260508b2002 sp ||||| |||| 00| 0 spa d |
| 040 ## - FUENTE DE LA CATALOGACIÓN | |
| Centro catalogador/agencia de origen | ICI |
| Lengua de catalogación | spa |
| Centro/agencia transcriptor | ICI |
| Normas de descripción | rda |
| 050 #0 - SIGNATURA TOPOGRÁFICA DE LA BIBLIOTECA DEL CONGRESO | |
| Número de clasificación | NK2562 |
| Número de documento/Ítem | .A43 2002 |
| 110 #2 - ENTRADA PRINCIPAL--NOMBRE DE ENTIDAD CORPORATIVA | |
| Nombre de entidad corporativa o nombre de jurisdicción como elemento de entrada | Amat-3 (Empresa) |
| 9 (RLIN) | 34105 |
| 245 #1 - MENCIÓN DE TÍTULO | |
| Título | a3 de Amat-3 / |
| Mención de responsabilidad, etc. | Amat-3. |
| 264 ## - PRODUCCIÓN, PUBLICACIÓN, DISTRIBUCIÓN, FABRICACIÓN Y COPYRIGHT | |
| Producción, publicación, distribución, fabricación y copyright | Martorell, Barcelona : |
| Nombre del de productor, editor, distribuidor, fabricante | Amat-3 |
| Fecha de producción, publicación, distribución, fabricación o copyright | 2002. |
| 300 ## - DESCRIPCIÓN FÍSICA | |
| Extensión | 1 volumen (sin paginar) : |
| Otras características físicas | ilustraciones (color) ; |
| 336 ## - TIPO DE CONTENIDO | |
| Fuente | rdacontent |
| Término de tipo de contenido | texto |
| 337 ## - TIPO DE MEDIO | |
| Fuente | rdamedia |
| Nombre/término del tipo de medio | sin medio |
| 338 ## - TIPO DE SOPORTE | |
| Fuente | rdacarrier |
| Nombre/término del tipo de soporte | volumen |
| 500 ## - NOTA GENERAL | |
| Nota general | Catálogo conmemorativo y comercial que presenta la evolución del diseño de mobiliario de la firma española Amat-3. |
| 610 #2 - PUNTO DE ACCESO ADICIONAL DE MATERIA--NOMBRE DE ENTIDAD CORPORATIVA | |
| Nombre de entidad corporativa o nombre de jurisdicción como elemento de entrada | Amat-3 (Empresa) |
| Subdivisión de forma | Catálogos. |
| 9 (RLIN) | 34106 |
| 650 ## - PUNTO DE ACCESO ADICIONAL DE MATERIA--TÉRMINO DE MATERIA | |
| Término de materia o nombre geográfico como elemento de entrada | Muebles modernos |
| Subdivisión de forma | Catálogos. |
| Subdivisión geográfica | España |
| 9 (RLIN) | 34107 |
| 650 ## - PUNTO DE ACCESO ADICIONAL DE MATERIA--TÉRMINO DE MATERIA | |
| Término de materia o nombre geográfico como elemento de entrada | Diseño de muebles |
| Subdivisión geográfica | España. |
| 9 (RLIN) | 34108 |
| 942 ## - ELEMENTOS DE PUNTO DE ACCESO ADICIONAL (KOHA) | |
| Fuente del sistema de clasificación o colocación | Library of Congress Classification |
| Suprimir en OPAC | 1 |
| Tipo de ítem Koha | Libros |
| Estado de retiro | Estado de pérdida | Fuente del sistema de clasificación o colocación | Estado dañado | No para préstamo | Localización permanente | Ubicación/localización actual | Fecha de adquisición | Total de préstamos | Signatura topográfica completa | Código de barras | Fecha visto por última vez | Número de copia | Precio válido a partir de | Tipo de ítem Koha |
|---|---|---|---|---|---|---|---|---|---|---|---|---|---|---|
| El ejemplar forma parte de la colección y puede ser consultado según las políticas vigentes. | Library of Congress Classification | Biblioteca de Diseño Museo Franz Mayer | Biblioteca de Diseño Museo Franz Mayer | 08/05/2026 | NK2562 .A43 2002 | BDIMFM000962 | 08/05/2026 | EJ.1 | 08/05/2026 | Libros |